Name a Valid US County - Statistics

General Stats
  • This quiz has been taken 14 times
  • The average score is 9 of 10
Answer Stats
Hint Answer % Correct
With at least 1/3rd of its state's population Clark | Honolulu | Maricopa | Providence | New Castle | +3
100%
With a population higher than Jamaica Los Angeles | Cook | Harris | Maricopa | San Diego | Orange
100%
Sharing its name with a state New York | Delaware | Oklahoma | Washington | Ohio | +11
100%
In Alaska Anchorage | Matanuska-Susitna | Fairbanks North Star | Kenai Peninsula | Juneau | +25
93%
In Hawai'i Hawai'i | Maui | Kaua'i | Honolulu | Kalawao
93%
With a name shared by at least 20 counties Jefferson | Madison | Jackson | Franklin | Washington | Lincoln
93%
With population density higher than Malta New York | Kings | Bronx | San Francisco | Manassas | +13
93%
With a center point South of 27°N and NOT in Hawai'i Monroe | Miami-Dade | Cameron | Collier | Broward | +10
86%
Bordering the District of Columbia* Montgomery | Prince George's | Fairfax | Arlington | Alexandria
79%
With an area larger than Maryland, and NOT in Alaska San Bernardino | Coconino | Nye | Elko | Mohave
57%
No matching quizzes found
Score Distribution
Percent of People with Each Score
Percentile by Number Answered
Your Score History
You have not taken this quiz